Meranie vybraných fyzikálnych veličín spaľovacieho motora
Uložené v:
| Hlavný autor: | |
|---|---|
| Ďalší autori: | |
| Médium: | Rukopis Kniha |
| Jazyk: | Slovak |
| Vydavateľské údaje: |
2019
|
| Predmet: | |
| On-line prístup: | http://is.stuba.sk/zp/portal_zp.pl?podrobnosti=145260 |
| Tagy: |
Žiadne tagy, Buďte prvý, kto otaguje tento záznam!
|
MARC
| LEADER | 00000ntm a22000003a 4500 | ||
|---|---|---|---|
| 001 | stuzp74157 | ||
| 003 | SK-STU | ||
| 005 | 20190608212915.0 | ||
| 007 | ta | ||
| 008 | 150427s2015----xo-----f-mn---000-0-slo-d | ||
| 040 | |a STU |b slo | ||
| 041 | 0 | |a slo | |
| 100 | 1 | |a Londák, Jaroslav |u 020030 |k Z4 |4 aut |U SjF Strojnícka fakulta |T SjF Ústav dopravnej techniky a konštruovania |X 72212 |U J0030 |Y 806 |7 72212 | |
| 242 | 0 | 1 | |a Measurement of selected physical quantities of combustion engine |y eng |
| 245 | 1 | 0 | |a Meranie vybraných fyzikálnych veličín spaľovacieho motora |
| 260 | |c 2019 | ||
| 650 | 4 | |a teplota |2 slo | |
| 650 | 4 | |a tlak |2 slo | |
| 650 | 4 | |a snímač |2 slo | |
| 650 | 4 | |a merací reťazec |2 slo | |
| 650 | 4 | |a zber dát |2 slo | |
| 650 | 4 | |a pressure |2 eng | |
| 650 | 4 | |a temperature |2 eng | |
| 650 | 4 | |a sensor |2 eng | |
| 650 | 4 | |a measurement network |2 eng | |
| 650 | 4 | |a data acquisition |2 eng | |
| 700 | 1 | |a Polóni, Marián |u 020030 |k Z1 |4 ths |U SjF Strojnícka fakulta |T SjF Ústav dopravnej techniky a konštruovania |X 2462 |U J0030 |Y 806 |7 A000002462 | |
| 856 | 4 | |u http://is.stuba.sk/zp/portal_zp.pl?podrobnosti=145260 | |
| 996 | |b 284J045967 |c J* 3077/DDP |l JJSK |s A |a 24 |w stuzp74157_0001 | ||